|
|
|
|
| LEADER |
00000nkm a2200000 a 4500 |
| 001 |
vtls011587748 |
| 003 |
SK-MaSNL |
| 005 |
20260331210653.0 |
| 007 |
kf bo |
| 008 |
231214q1905 xo g kuhun |
| 015 |
|
|
|a SNBG
|
| 035 |
|
|
|a urn:nbn:sk:snk-km00cowm
|
| 035 |
|
|
|a urn:nbn:sk:snk-km3lq9v
|
| 035 |
|
|
|a 0C2CE70A-2576-414A-B31A-8F5FF9336B5E
|
| 040 |
|
|
|a SNK
|b slo
|c SNK
|e AACR2
|
| 041 |
0 |
|
|a hun
|
| 043 |
|
|
|a e-xo---
|
| 044 |
|
|
|a xo
|c SK
|
| 080 |
|
|
|a 726.9
|2 2011
|
| 080 |
|
|
|a 913(437.6)
|2 2011
|
| 080 |
|
|
|a (084.121)
|2 2011
|
| 100 |
1 |
|
|a Supala, I.
|4 pht
|9 492536
|
| 245 |
1 |
0 |
|a Udvardi kálvária
|h grafika
|b a kalvária átalakitója: kesseleökeöi Majthényi Adolf : kesseleökeöi Majthényi Adolf kalvarian lévő sirhelye
|c fényképezte Supala, I.
|
| 260 |
|
|
|a Érsekujvár
|b Supala I.
|c [medzi 1905 a 1930?]
|
| 300 |
|
|
|a 1 pohľadnica (2 čiastkové pohľady)
|b čiernobiela
|c 9 x 14 cm
|
| 500 |
|
|
|a Pozn. v známkovom poli
|
| 650 |
0 |
7 |
|a kalvárie
|2 SNKPH
|9 3025
|
| 651 |
|
7 |
|a Dvory nad Žitavou (Slovensko)
|2 SNKPH
|9 19188
|
| 651 |
|
7 |
|a Nové Zámky (Slovensko : okres)
|2 SNKPH
|9 15958
|
| 655 |
|
7 |
|a miestne pohľadnice
|2 SNKPH
|9 70510
|
| 655 |
|
7 |
|a pohľadnice kultúrnych pamiatok
|2 SNKPH
|9 70523
|
| 752 |
|
|
|a Slovensko
|d Nové Zámky
|
| 852 |
|
|
|a Slovenská národná knižnica
|
| 958 |
|
|
|a GC
|
| 958 |
|
|
|a GBN
|
| 958 |
|
|
|a OND
|
| 999 |
|
|
|c 1192173
|d 1194103
|
| 952 |
|
|
|a SNK
|b SNK
|y PREZ
|7 0
|p 17A1215281
|o snkSP 10931
|0 0
|1 0
|4 0
|d 2016-10-20
|f 1
|l 0
|r 2026-02-24 22:15:28
|w 2026-02-24
|